000 02847nam a22003257a 4500
005 20101022152814.0
010 _aB-418560-573
020 _a9780877795506
_c995.00
037 _bPansy Books
082 _a483
245 _aMerriam-Webster's advanced learner's english dictionary
260 _aUSA
_c2008
300 _aVarious pagings
_c25cm(pbk)
942 _2ddc
_cEN
_h483
_mMER
999 _c35502
_d35502